| 000 | 00341nam a22001457a 4500 | ||
|---|---|---|---|
| 999 |
_c14850 _d14850 |
||
| 020 | _a9795217221034 | ||
| 020 | _a5217221038 | ||
| 082 |
_a630.1076 _bSUN/CO |
||
| 100 |
_aSunda, Nem Raj _92079 |
||
| 245 | _aCompetitive book of agriculture | ||
| 250 | _a7th | ||
| 260 |
_aJaipur _bSurahee Publications _c2016 |
||
| 300 | _a392p | ||
| 942 | _cBK | ||